000
00278nam a2200109Ia 4500
008
220216s9999 xx 000 0 und d
100
_a
Messenger T H
245
0
_a
Rubber in relation to foods and beverages
260
_b
IRI Transactions
_c
1935
300
_a
365-386
942
_c
JS
999
_c
67687
_d
67687